000 00345nam a2200133Ia 4500
005 20251222143311.0
008 251222s9999||||xx |||||||||||||| ||spa||
020 _a84-7908-413-8
082 _a972.910.5/P19
100 _aPalazón Ferrando, Salvador
245 0 _aLa Ilusión de un Imperio:
264 _bUniversidad de Alicante
942 _cLIB
999 _c15721
_d15721